000 00485nam a22001457a 4500
999 _c8251
_d8252
008 190813b ||||| |||| 00| 0 eng d
020 _a0231050860
082 _a301.09 SIL
245 _aTotems and teachers :
_bPerspectives on the history of anthropology
260 _aNew York :
_bColumbia University Press,
_c1981.
300 _a xv, 322 p. ;
_c24 cm.
500 _aIncludes index. Bibliography: p. [299]-311.
650 _a Anthropology--History. Anthropologists.
942 _2ddc